000
00334nam a2200133Ia 4500
008
240624s9999 xx 000 0 und d
041
_a
eng
082
_a
006.74 FIN
100
_a
FINKELSTEIN CLIVE
245
_a
BUILDING CORPORATE PORTALS WITH XML
260
_c
2000
_a
New Delhi
_b
Tata McGrawhill
300
_a
xxvii, : 529
365
_c
RS
999
_c
729
_d
729